| 000 | 01180nam a2200205Ia 4500 | ||
|---|---|---|---|
| 003 | OSt | ||
| 005 | 20210610101206.0 | ||
| 008 | 210310s2014 ck u 000 0 spa d | ||
| 040 |
_aCO-JMCR _cCO-JMCR |
||
| 082 | 0 | 4 |
_a332.024 / _bP677b _223 |
| 110 | 2 |
_aAsobancaria _912832 |
|
| 245 | 0 |
_aLa banca mas cerca de usted / _cAsobancaria |
|
| 260 |
_aBogotá : _bEl Tiempo, _c2014. |
||
| 300 |
_a80 páginas : _bilustraciones, fotografías y graficas a color ; _c29 cm. |
||
| 505 | 0 | _aLa importancia del sistema financiero colombiano. -- ¿Quién vigila y controla el funcionamiento del sistema financiero?. -- Ciclo de vida y decisiones financieras. -- El camino hacia la inclusión financiera. -- Productos y canales que lo aceleran al sistema financiero. -- Productos de ahorro a su disposición. -- Productos de crédito de acuerdo a su necesidad. -- Leasing habitacional vs. crédito hipotecario, ¿Cuál es la mejor opción?. -- Aproveche los beneficios de su tarjeta de crédito. -- Seguridad en sus transacciones financieras. | |
| 650 | 1 | 4 |
_aSistema financiero _97647 |
| 650 | 2 | 4 |
_aCrédito hipotecario _938281 |
| 650 | 2 | 4 |
_aLeasing habitacional _938282 |
| 942 |
_2ddc _cBK |
||
| 999 |
_c11897 _d11897 |
||